[Event "Hyderabad Pearl City op"]
[Site "Hyderabad"]
[Date "2019.09.07"]
[Round "3"]
[White "Duvvala, Suresh"]
[Black "Kaustuv, Kundu"]
[Result "1/2-1/2"]
[WhiteElo "1726"]
[BlackElo "2302"]
[PlyCount "80"]
[EventDate "2019.09.06"]
[EventType "swiss"]
[EventRounds "11"]
[EventCountry "IND"]
[SourceTitle "EXT 2020"]
[Source "ChessBase"]
[SourceDate "2019.10.17"]
[SourceVersion "1"]
[SourceVersionDate "2019.10.17"]
[SourceQuality "1"]

1. e4 c5 2. Nf3 e6 3. c3 d5 4. e5 d4 5. cxd4 cxd4 6. Qa4+ Nc6 7. Bb5 Bd7 8. 0-0 Bc5 9. d3 a6 10. Qc2 Ba7 11. Bc4 b5 12. Bb3 Rc8 13. Qe2 Nge7 14. Bg5 h6 15. Bxe7 Qxe7 16. Nbd2 0-0 17. a3 Na5 18. Bd1 Bc6 19. b4 Nb7 20. Nb3 Rfd8 21. Nfd2 Bd5 22. Ne4 Bb6 23. f4 Qh4 24. Nbd2 Rd7 25. Bb3 Bxb3 26. Nxb3 Rdc7 27. g3 Qe7 28. f5 exf5 29. Rxf5 Qe6 30. Raf1 Qxb3 31. Qg4 Qe6 32. Nf6+ Kh8 33. Qf4 g5 34. Rxg5 hxg5 35. Qxg5 Qh3 36. Nh5 f5 37. Qh6+ Rh7 38. Qf6+ Kg8 39. Qg6+ Kh8 40. Qf6+ Kg8 1/2-1/2